LEADER 02031nam--2200541---450- 001 990001353920203316 005 20070622102703.0 035 $a000135392 035 $aUSA01000135392 035 $a(ALEPH)000135392USA01 035 $a000135392 100 $a20040119d1949----km-y0itay0103----ba 101 0 $aita 102 $aIT 105 $a||||||||001yy 200 1 $aQuestioni e correnti di storia letteraria$fa cura di U. Bosco ... [et al.] 210 $aMilano$cMarzorati$d1949 215 $a965 p.$d26 cm. 225 2 $aProblemi ed orientamenti critici di lingua e di letteratura italiana 327 1 $aUmberto Bosco, Preromanticismo e romanticismo, P. 595-658. - Carlo Calcaterra, Petrarca e il petrarchismo, P. 167-274. - Carlo Calcaterra, Il problema del barocco, P. 405-502. - Alberto Chiari, La fortuna del Boccaccio, P.275-348. - Silvio D'Amico, Il teatro drammatico, P. 901-953 410 0$12001$aProblemi ed orientamenti critici di lingua e di letteratura italiana 454 1$12001 461 1$1001-------$12001 517 $aPreromanticismo e romanticismo 517 $aPetrarca e il petrarchismo 517 $a<> problema del barocco 517 $a<> fortuna del Boccaccio 517 $a<> teatro drammatico 606 0 $aLetteratura italiana$xStoria 702 1$aBOSCO,$bUmberto 702 1$aCALCATERRA,$bCarlo 702 1$aCHIARI,$bAlberto 702 1$aD'AMICO,$bSilvio 801 0$aIT$bsalbc$gISBD 912 $a990001353920203316 951 $aV B 17$b443 L.M.$cV B 951 $aSenza coll.$b444 L.M. 959 $aBK 969 $aUMA 979 $aSIAV4$b10$c20040119$lUSA01$h1406 979 $aSIAV6$b10$c20040219$lUSA01$h0952 979 $aSIAV6$b10$c20040219$lUSA01$h0957 979 $aSIAV3$b10$c20040310$lUSA01$h0934 979 $aSIAV5$b10$c20040317$lUSA01$h1511 979 $aPATRY$b90$c20040406$lUSA01$h1736 979 $aCOPAT6$b90$c20070622$lUSA01$h1027 996 $aQuestioni e correnti di storia letteraria$9141633 997 $aUNISA